Recursos electrónicos

El municipio de Pergamino : estadísticas básicas /

Guardado en:
Detalles Bibliográficos
Autor Corporativo: Instituto Nacional de Estadística y Censos (Argentina)
Formato: Recursos electrónicos
Lenguaje:español
Publicado: Buenos Aires : INDEC, 1999
Materias:

MARC

LEADER 00000nmm#a2200000#a#4500
001 000458
003 AR-BeUNQ
005 20240605121520.0
008 010619s1999####ag#########m########spa#d
999 |c 2762  |d 78149 
040 |a AR-BeUNQ  |e aacr 
099 |a 11-A111 [Solicitar CD-ROM en mostrador] 
110 2 |a Instituto Nacional de Estadística y Censos (Argentina) 
245 0 3 |a El municipio de Pergamino :   |b estadísticas básicas /  |c Instituto Nacional de Estadística y Censos. 
260 |a Buenos Aires :  |b INDEC,  |c 1999 
500 |a Es material complementario de: Los municipios de Pergamino: estadísticas básicas / Instituto Nacional de Estadística y Censos (Argentina) 
650 7 |a Geografía  |2 spines 
650 7 |a Datos estadísticos  |2 spines 
650 7 |a Provincias  |2 spines 
651 7 |a Argentina  |2 Spines 
651 7 |a Pergamino  |2 Spines 
653 |a Municipios 
653 |a CD-DATA 
942 |c CD  |n 0